000 01159pam a2200325 a 4500
001 2825478
003 OSt
005 20230620161107.0
008 831025s1983 nyu 000 0 eng
010 _a 83062597
040 _aDLC
_cDLC
_dDLC
043 _an-us---
_ae-ur---
050 0 0 _aJX1963
_b.N66 1983
051 _aJX1963
_b.N66 1983 Copy 4
_cLC copy inscribed by Richard Nixon to Clare Boothe Luce on front fly-leaf.
082 0 0 _a327/.09/048
_219
_bHIX
100 1 _aNixon, Richard M.
_q(Richard Milhous),
_d1913-1994.
245 1 0 _aReal peace :
_ba strategy for the West /
_cRichard Nixon.
260 _aNew York :
_b[S.n.],
_cc1983.
300 _a106 p. ;
_c22 cm.
650 0 _aPeace.
650 0 _aInternational relations.
651 0 _aUnited States
_xForeign relations
_zSoviet Union.
651 0 _aSoviet Union
_xForeign relations
_zUnited States.
700 1 _aNixon, Richard M.
_q(Richard Milhous),
_d1913-1994,
_einscriber.
_5DLC
700 1 _aLuce, Clare Boothe,
_d1903-1987,
_eformer owner.
_5DLC
906 _a0
_bcbc
_corignew
_d1
_eopcn
_f19
_gy-gencatlg
942 _2ddc
_cBK
999 _c1910
_d1910